000 00485cam a2200181 4500
001 4306
005 20181127173118.0
008 080609s2009 nyu 000 0 eng
010 _a 2008930653
020 _a9781934970263
100 1 _aStewart, Sheila,
_d1975-
245 1 0 _aAIDS & society /
_cSheila Nelson.
260 _aVestal, NY :
_bAlphaHouse,
_c2009.
300 _ap. cm.
490 0 _aAll about AIDS
650 _aAIDS (Disease).
_v
_x
_y
_z
_2
650 _aHIV (Viruses).
_v
_x
_y
_z
_2
999 _c3555
_d3555